| 000 | 01340cam a2200325 a 4500 | ||
|---|---|---|---|
| 999 |
_c26375 _d26375 |
||
| 001 | 1443545 | ||
| 005 | 20170204095956.0 | ||
| 008 | 851021s1987 ctuaf b 001 0 eng | ||
| 010 | _a 85026464 | ||
| 020 | _a0300031432 (alk. paper) | ||
| 043 | _ae-fr--- | ||
| 050 | 0 | 0 | _aNA5551 .S214C76 1987 |
| 100 | 1 |
_aCrosby, Sumner McK. _q(Sumner McKnight), _d1909-1982. |
|
| 245 | 1 | 4 |
_aThe Royal Abbey of Saint-Denis : _bfrom its beginnings to the death of Suger, 475-1151 / _cSumner McKnight Crosby ; edited and completed by Pamela Z. Blum. |
| 260 |
_aNew Haven : _bYale University Press, _cc1987. |
||
| 300 |
_axxiii, 525 p., 3 folded leaves of plates : _bill. ; _c29 cm. |
||
| 440 | 0 |
_aYale publications in the history of art ; _v37 |
|
| 500 | _aIncludes index. | ||
| 504 | _aBibliography: p. 503-515. | ||
| 600 | 0 | 0 |
_aSuger, _cAbbot of Saint Denis, _d1081-1151. |
| 610 | 2 | 0 | _aAbbaye de Saint-Denis (Saint-Denis, France) |
| 610 | 2 | 0 | _aEglise abbatiale de Saint-Denis (Saint-Denis, France) |
| 651 | 0 |
_aSaint-Denis (France) _xBuildings, structures, etc. |
|
| 700 | 1 | _aBlum, Pamela Z. | |
| 942 |
_2lcc _cBOOKS |
||